Conscientes y compasivos como Jesús: evangelio y comunicación consciente

Kaydedildi:
Detaylı Bibliyografya
Yazar: Breña Romero de Terreros, Antonio Kuri (Yazar)
Materyal Türü: Kitap
Dil:İspanyolca
Baskı/Yayın Bilgisi: Estella Verbo Divino 2018
Edisyon:1a. ed
Konular:
Etiketler: Etiketle
Etiket eklenmemiş, İlk siz ekleyin!

MARC

LEADER 00000cam a2200000 a 4500
001 UCC3679
003 CL-VaPUC
008 180531e20180000sp |||||||||||||||||spa|d
020 |a 9788490733981 
082 0 4 |a 225  |b BRE  |2 21 
100 0 |a Breña Romero de Terreros, Antonio Kuri  |e author  |9 597753 
245 1 0 |a Conscientes y compasivos como Jesús: evangelio y comunicación consciente 
250 |a 1a. ed 
300 |a 302 p 
942 |c BK 
945 |d 20180531 16:15:00  |a arojas 
260 |a Estella  |b Verbo Divino  |c 2018 
600 0 |a Jesús  |9 313614 
650 7 |a EVANGELIO  |2 CL-VaPUC  |9 368586 
650 0 |a Vida religiosa  |9 257284 
650 0 |a Oración  |9 313348 
583 |a last modification  |c 20180531 16:15:00  |k Rodrigo Vera 
999 |c 371371  |d 371369 
952 |0 0  |1 0  |3 erb  |4 0  |6 225_000000000000000_BRE_2018  |7 0  |8 A  |9 488338  |a BIBTEO  |b BIBTEO  |i 5473276  |o 225 BRE 2018  |p 5473276  |r 2025-01-17  |w 2019-11-24  |y BK  |z Catalogado en:20180531  |k ICR 
952 |0 0  |1 0  |3 erb  |4 0  |6 225_000000000000000_BRE_2018  |7 0  |8 A  |9 488339  |a BIBTEO  |b BIBTEO  |i 5482690  |o 225 BRE 2018  |p 5482690  |r 2025-01-17  |w 2019-11-24  |y BK  |z Catalogado en:20180720  |k ICR